• 首页
  • 本馆介绍
  • 公告通知
  • 最新文献
  • 馆藏检索
  • 电子资源
  • 读者导购
  • 参考咨询
  • 我的图书馆
  • 登录
  • 详细信息显示
  • 放入我的书架
  • 预约/预借图书
  • 作者相关作品
  • 分类相关作品
  • 丛书相关作品
  • 出版社相关作品

书目信息

  • 表格格式
  • 工作单格式
  • 卡片格式
题名:
音乐的情感与意义
    
 
作者: [美]伦纳德.迈尔 著 ;何乾三 译
分册:  
出版信息: 北京   北京大学出版社  1991.08
页数: 315页
开本: 32开
丛书名: 文艺美学丛书
单 册:
中图分类: J601
科图分类:
主题词: 音乐--艺术理论 , 音乐学 , 音乐社会学
电子资源:
ISBN: 7-301-01431-7
000 00883nam0 2200277 45
001 00042015 9
005 20031219104044.9
010    @a7-301-01431-7@dCNY5.65
100    @a20000420d1991 km y0chiy0120 ea
101 0  @achi
105    @a z 000yy
200 1  @a音乐的情感与意义@AYin Yue De Qing Gan Yu Yi Yi@f[美]伦纳德.迈尔著@F[Mei]Lun Na De.Mai Er Zhu@g何乾三译
210    @a北京@c北京大学出版社@d1991.08
215    @a315页@d32开
225    @a文艺美学丛书@f本丛书编辑委员会编
303    @a根据芝加哥大学出版社1956年版译出
410    @12001 @a文艺美学丛书
410    @1700 0@a本丛书编辑委员会@ABen Cong Shu Bian Ji Wei Yuan Hui@4编
606 0  @a音乐@x艺术理论
606 0  @a音乐学
606 0  @a音乐社会学
690    @aJ601@v1
701  0 @a[美]伦纳德.迈尔@4著
702  0 @a何乾三@AHe Qian San@4译
801    @aCN@bTSTC@c20000420
905    @b287971-975@dJ601@e162@f5
    
    音乐的情感与意义/[美]伦纳德.迈尔著/何乾三译.-北京:北京大学出版社,1991.08
    315页;32开.-(文艺美学丛书/本丛书编辑委员会编)
    
    
    ISBN 7-301-01431-7:CNY5.65
    
●
相关链接 在E读中查询图书 在五车中查询图书 在当当中查询图书 在豆瓣中查询图书


正题名:音乐的情感与意义     索取号:J601/162         预约/预借

序号 登录号 条形码 馆藏地/架位号 状态 备注
1 0287971   002879718   第一借阅区/ [索取号:J601/162] 在馆    
2 0287972   002879727   第一借阅区/ [索取号:J601/162] 在馆    
3 0287973   002879736   第一借阅区/ [索取号:J601/162] 在馆    
4 0287974   002879745   第一借阅区/ [索取号:J601/162] 在馆    
5 0287975   002879754   第一样本阅览室/ [索取号:J601/162] 在馆    
唐山师范学院图书馆 欢迎您!
大连网信软件有限公司© 版权所有